Small space design : remodeling apartments for multiple uses

Bibliographic Details
Main Author: Shafer, Paul
Format: Book
Published: New York : Prentice Hall Press , 1984
Subjects:

MARC

LEADER 00000cam a2200000 7i4500
001 0000073337
005 20170530.0
008 170530
020 |a 9780671611984 
090 0 0 |a 728.314   |b SHA 
100 0 |a Shafer, Paul 
245 1 0 |a Small space design :   |b remodeling apartments for multiple uses   |c Paul Shafer 
260 |a New York :   |b Prentice Hall Press ,   |c 1984 
300 |a 115p. 
650 0 |a Apartments-remodelling for the other use 
999 |a 0000123507   |b Book   |c Adult Collection   |e Cawangan Muar